000
00338nam a2200133Ia 4500
008
100328s9999 xx 000 0 und d
082
_b
27889
100
_a
बनहट्टी राजेंद्र
245
_a
अवेळ
260
_b
विशाखा
630
_a
अवेळ
730
_a
अवेळ
942
_c
BOOK
999
_c
519575
_d
519572